000 01453namaa2200349 i 4500
003 EG-GICUC
005 20260415153007.0
008 260415s1988 ua ah||jr|||| 001 p ara d
040 _aEG-GiCUC
_bara
_cEG-GiCUC
_dEG-GiCUC
_erda
082 0 4 _221
_a811.6
_bK451diw
092 0 4 _221
_a811.6
_bK451diw
099 _a811.6 K451diw 1988
100 1 _eمؤلف.
245 _aديوان ابن خفاجة /
_cتحقيق الدكتور سيد غازى.
250 _aالطبعة الثانية
264 _aالاسكندرية (مصر) :
_bمنشأة المعارف،
_c1988.
300 _a454 صفحة
_bإيضاحيات، مثيليات ؛
_c24 سم
336 _2rdacontent
_atext
337 _2rdamedia
_aUnmediated
338 _2rdacarrier
_avolume
504 _aيشتمل على ارجاعات ببليوجرافية وفهارس.
541 _aد. جابر عصفور ؛
_bالقاهرة ؛
_cإهداء ؛
_d2024.
600 1 0 _aابن خفاجة، إبراهيم بن أبي الفتح،
_d1058 or 1059-1139
_910616
650 1 7 _aالشعر العربى
_zالاندلس
_2qrmak
650 1 7 _aالشعر العربى
_xدواوين و قصائد
_2qrmak
650 1 7 _aالشعر العربى
_xدواوين و قصائد
_zالاندلس
_2qrmak
650 1 7 _aالشعر العربى
_xتاريخ و نقد
_zالاندلس
_2qrmak
651 1 _2qrmak
700 1 _aغازى، سيد
_eمحقق.
905 _aAya
942 _2ddc
_cBK
_e21
_n0
999 _c179513
_d179513